Ecuador : 20 años de vivienda : ensayo /

में बचाया:
ग्रंथसूची विवरण
स्वरूप: पुस्तक
भाषा:स्पेनिश
प्रकाशित: Quito, Ecuador : Junta Nacional de la Vivienda : Banco Ecuatoriano de la Vivienda, 1984
विषय:
टैग: टैग जोड़ें
कोई टैग नहीं, इस रिकॉर्ड को टैग करने वाले पहले व्यक्ति बनें!

MARC

LEADER 00000nam^a2200000^a^4500
001 000397058
005 20250521000000.0
009 20260310121447.988
037 |a Acervo ITESO - Biblioteca 
041 |a ESP 
082 |a 728. 10986  |b ECU 
245 0 0 |a Ecuador :  |b 20 años de vivienda : ensayo / 
264 1 |a Quito, Ecuador :  |b Junta Nacional de la Vivienda :  |b Banco Ecuatoriano de la Vivienda,  |c 1984 
300 |a 119 p. 
336 |a texto  |b txt  |2 rdacontenido 
337 |a sin mediación  |b n  |2 rdamedio 
338 |a volumen  |b nc  |2 rdasoporte 
649 |a XX 
650 |a Problemática Habitacional -  |z Ecuador 
650 |a Estudios (Vivienda) -  |z Ecuador 
650 |a Vivienda de Interés Social -  |z Ecuador -  |x Tema Principal 
650 |a Vivienda -  |z Ecuador -  |x Historia -  |y Siglo XX 
650 |a Urbanismo -  |z Ecuador 
650 |a Política Social -  |z Ecuador 
650 |a Política Económica -  |z Ecuador 
910 |a Fondo Carlos Núñez Hurtado 
920 |a Impresos - Libros 
930 |a Fondos Especiales 
905 |a 117 
901 |a 0500292583  |b IT2  |c ESP  |i D79910  |u 20250521 
902 |a https://opac.biblio.iteso.mx/vufind/Record/000397058